| 000 | 00771nam a2200205Ia 4500 | ||
|---|---|---|---|
| 001 | 15612 | ||
| 003 | GE_BSU | ||
| 008 | 181216s||||||||xx |||||||||||||| ||und|| | ||
| 040 | _cGE_BSU | ||
| 080 | _a821.161.1-32 | ||
| 100 | _aგლადკოვი, თ.ვ. | ||
| 245 | _aჩემი ბავშვობის ამბავი | ||
| 245 | _cთარგმ. მ. ბაკურაძისა. რედ.პ.რატიანი. მხატვ. ო.ჯიშკარიანი | ||
| 260 | _aთბილისი | ||
| 260 | _bსაბჭ. საქართველო | ||
| 260 | _c1959 | ||
| 300 | _a552გვ. : 1 ფურც. პორტრ. ; 21სმ | ||
| 653 | _aჩემი ბავშვობის ამბავი | ||
| 942 | _cBK | ||
| 999 |
_c48712 _d48712 |
||